000 00616nam a2200217Ia 4500
003 GCL
008 140319s9999 xx 000 0 ara d
040 _aGCL /
_cGCL
082 0 4 _a111.85
_bا م
100 1 _aاميرة حلمى مطر
245 1 0 _aمقدمة فى علم الجمال /
_cاميرة حلمى مطر
260 _a[S.N] :
_bدار الثقافة للنشر والتوزيع ،
_c1976
300 _a174
490 _a
650 0 4 _aالعلم
650 0 4 _aالفلسفة
650 0 4 _aالجمال
650 0 4 _aالفن
650 0 4 _aعلم النفس الجمالى
942 _2ddc
_cBK
999 _c30761
_d30761